Statistics for Love The Way You Lie - Eminem Lyrics

Click here to take the quiz!

General Stats

  • This quiz has been taken 1,352 times
  • The average score is 307 of 500

Answer Stats

Answer% Correct
the
93%
| sorry :(i
92%
you
90%
go
90%
a
90%
just
87%
love
86%
and
84%
me
83%
it
82%
on
78%
no
78%
like
78%
can
78%
be
77%
that
77%
what
77%
in
76%
to
76%
is
76%
feel
75%
there
75%
right
74%
tell
73%
can't
73%
my
72%
now
72%
but
72%
only
70%
feels
70%
really
70%
it's
70%
wind
70%
im
67%
i'm
67%
so
67%
we
66%
know
66%
do
66%
as
66%
of
65%
breathe
65%
when
65%
going
65%
back
64%
fight
64%
watch
64%
her
64%
your
63%
come
62%
that's
62%
windpipe
62%
don't
61%
she
61%
hate
60%
even
59%
still
59%
much
59%
hurt
59%
cause
59%
again
58%
with
58%
fucking
58%
knife
58%
off
57%
never
57%
leaving
56%
steel
56%
all
56%
you're
56%
bad
56%
ever
55%
long
55%
look
55%
his
55%
at
55%
ain't
55%
hear
55%
guess
55%
here
55%
where
55%
superman
54%
good
54%
flight
54%
own
53%
time
53%
meet
53%
hates
53%
was
53%
hands
52%
name
52%
strength
52%
'em
52%
them
52%
get
52%
this
52%
great
52%
wait
52%
did
52%
while
52%
awful
51%
hit
51%
too
51%
next
51%
high
51%
barely
51%
they
50%
didn't
50%
said
50%
mean
50%
i'll
50%
somebody
50%
from
50%
low
50%
up
49%
insane
49%
ashamed
49%
who's
49%
things
49%
drunk
49%
wrong
49%
window
48%
suffocate
48%
we're
48%
baby
48%
away
47%
lane
47%
she's
47%
tornado
47%
walk
47%
about
47%
volcano
47%
our
47%
suffer
47%
each
47%
though
47%
feeling
47%
laid
47%
same
47%
one
47%
talk
46%
dude
46%
why
46%
drown
46%
sick
46%
others
46%
stoop
46%
got
46%
fuzzy
46%
maybe
46%
more
46%
seems
45%
isn't
45%
happens
45%
before
45%
eyeball
45%
meets
45%
mine
45%
warm
45%
running
45%
leave
45%
looking
45%
face
45%
voice
45%
nothing
44%
lois
44%
wasn't
44%
fall
44%
relationship
44%
call
44%
crazy
44%
sidewalk
44%
bags
44%
pane
43%
there's
43%
game
43%
out
43%
will
43%
into
43%
please
43%
inside
43%
fault
43%
told
43%
swore
43%
pick
43%
getting
42%
life
42%
chills
42%
fist
41%
used
41%
sincerity
41%
you'd
41%
routine
40%
day
40%
pull
40%
spit
40%
neither
40%
yesterday
40%
comes
39%
drywall
39%
WRITE CHORUSCHORUS
39%
huffing
39%
chance
39%
another
39%
snapped
39%
WRITE CHORUSchorus
39%
over
39%
words
39%
push
39%
different
38%
paint
38%
yeah
38%
hair
38%
ways
37%
promised
37%
say
37%
scratch
36%
claw
36%
patterns
36%
apologise
36%
broken
36%
tempers
36%
show
36%
separate
35%
resuscitates
35%
blinded
35%
spewing
35%
best
35%
lost
35%
records
34%
throw
33%
down
33%
sound
32%
playing
32%
restraint
32%
moments
31%
today
31%
pissed
31%
lied
30%
bit
30%
both
29%
nintendo
29%
controls
29%
pin
29%
aim
29%
venom
28%
rage
23%
culprit
19%

Score Distribution

Percentile by Number Answered

Percent of People with Each Score

Your Score History

You have not taken this quiz